000 00779nam a2200265Ia 4500
003 OSt
005 20220923220655.0
006 a|||||r|||| 00| 0
007 ta
008 220922b |||||||| |||| 00| 0 hin d
020 _c15
024 _a189,025
037 _cTextual
040 _aARTS
_cARTS
_bhin
041 _2hin
_ahin
082 _aO152,2N08,VP, M0
100 _aव्यथित ह्दय
245 0 _aवरदपुत्र
246 _aVaradaputra
260 _aदिल्ली
_b आर्य बुक डिपो
_c1980
300 _a149 पृ.
_ccm.
650 _aहिन्दी साहित्य
_9156264
942 _hO152,2N08,VP, M0
_cTEXL
_2CC
999 _c341894
_d341894